Countries with more than 10 Nobel Peace Prizes - Statistics

General Stats
  • This quiz has been taken 36 times
  • The average score is 19 of 22
Answer Stats
Number of peace prizes Country % Correct
70 France
100%
112 Germany
100%
21 Italy
100%
32 Russia
100%
28 Canada
97%
398 United States
97%
29 Japan
94%
22 Netherlands
94%
137 United Kingdom
94%
12 Australia
91%
13 Norway
91%
18 Poland
91%
12 India
88%
32 Sweden
88%
11 Belgium
85%
13 Denmark
85%
11 Ireland
85%
27 Switzerland
82%
22 Austria
79%
11 South Africa
65%
13 Hungary
62%
13 Israel
62%
No matching quizzes found
Score Distribution
Percent of People with Each Score
Percentile by Number Answered
Your Score History
You have not taken this quiz